Borderlands 2 Specific Knowledge - Statistics

General Stats
  • This quiz has been taken 709 times
  • The average score is 9 of 15
Answer Stats
Hint Answer % Correct
Method of killing a boss over and over to gain experience/loot Farming
83%
What is the current level-cap for Borderlands 2? Level 72
82%
What affiliation does the sheriff of Lynchwood have to Handsome Jack? She is his girlfriend
82%
Renowned Hyperion legendary shotgun The Conference Call
79%
The 3rd playthrough of the campaign is called what? Ultimate Vault Hunter Mode
79%
Who references Batman in The Fridge? Rakkman
71%
Knuckledragger can be farmed for what legendary? The Hornet
68%
The infamous raid-boss of the Torgue DLC Pyro Pete
59%
Type of Skag/Stalker that is fast and hard to kill Rabid
58%
The massive creature that ate said rakk hive The Leviathan
50%
The challenge of finding hidden vault symbols in various maps Cult of the Vault
45%
Captain Scarlett's pet rakk hive Roscoe
40%
This map has a giant mechanical pig Three Horns - Valley
37%
Captain Flynt and his bandits are part of which clan? Ripper Clan
33%
Who runs the Creature Slaughter Dome? Captain Cabrera
8%
No matching quizzes found
Score Distribution
Percent of People with Each Score
Percentile by Number Answered
Your Score History
You have not taken this quiz